| 000 | 00745nam a2200217Ia 4500 | ||
|---|---|---|---|
| 003 | GCL | ||
| 008 | 140319s9999 xx 000 0 ara d | ||
| 040 |
_aGCL / _cGCL |
||
| 082 | 0 | 4 |
_a355.033 _bى ف |
| 100 | 1 | _aياسين سويد | |
| 245 | 1 | 0 |
_aالفن العسكرى الاسلامى : اصولة ومصادرة / _cياسين سويد |
| 260 |
_a[S.N] : _bشركة المطبوعات للتوزيع والنشر ، _c1990 |
||
| 300 | _a377 ص | ||
| 490 | _a | ||
| 650 | 0 | 4 | _aالفتوحات الاسلامية |
| 650 | 0 | 4 | _aالتاريخ الاسلامى |
| 650 | 0 | 4 | _aالعلوم العسكرية |
| 650 | 0 | 4 | _aالغزوات الاسلامية |
| 650 | 0 | 4 | _aالمعارك العربية الاسلامية |
| 942 |
_2ddc _cBK |
||
| 999 |
_c29251 _d29251 |
||